| 000 | 00535nam a22001817a 4500 | ||
|---|---|---|---|
| 003 | CEME | ||
| 005 | 20210628202755.0 | ||
| 008 | 210118b xxu||||| |||| 00| 0 eng d | ||
| 020 | _a0-8493-3832-8 | ||
| 040 | _c. | ||
| 082 | _a621.382 CHA | ||
| 100 |
_aStavroulakis, Peter _961548 |
||
| 245 | _aChaos applications in telecommunications | ||
| 260 |
_aNEW YORK _bTAYLOR AND FRANCIS _c2006 |
||
| 300 | _a427 P | ||
| 650 |
_aTELECOMMUNICATION.SIGNAL PROCESSING. CHAOTIC BEHAVIOR IN SYSTEM-MATHEMATICS MODELS _961549 |
||
| 942 |
_cBK _2ddc |
||
| 999 |
_c570967 _d570967 |
||